000 00460nam a2200205Ia 4500
003 0100
008 130303s9999 xx 000 0 und d
040 _cARRUPELIB
050 _aB358.T3S8
245 _aPlato
245 _bthe sophist and the statesman
260 _aLondon
260 _bThomas Nelson and Sons
260 _C1961
300 _avii
300 _b 344p. 21cm.
650 _aPHILOSOPHY
700 _aTaylor, A. E. (Tr.)
942 0 0 _05
999 _c45949
_d45949